Nederlandse gemeenten die beginnen met een S - Statistieken

Algemene statistieken
  • Deze quiz is 52 keer genomen
  • De gemiddelde score is 14 van 22
Antwoordstatistieken
Nr. Antwoord % Correct
1 Schagen
79%
3 Schiedam
79%
10 Sluis
79%
12 Soest
79%
13 Someren
79%
8 Sittard-Geleen
74%
9 Sliedrecht
74%
11 Smallingerland
74%
20 Stein
74%
4 Schiermonnikoog
68%
16 Staphorst
68%
18 Steenbergen
68%
2 Scherpenzeel
63%
7 Sint-Michielsgestel
63%
6 Simpelveld
58%
15 Stadskanaal
53%
17 Stede Broec
53%
14 Son en Breugel
47%
5 Schouwen-Duiveland
42%
21 Stichtse Vecht
42%
19 Steenwijkerland
37%
22 Súdwest-Fryslân
32%
Geen overeenkomende quizzen gevonden
Scoreverdeling
Procent van Mensen met Elke Score
Percentiel versus Aantal Correcte Antwoorden
Uw Scoregeschiedenis
U heeft deze quiz nog niet genomen